Clubs de Paris en football sur une carte. - Statistiques

Statistiques générales
  • Ce quiz a été pris 203 fois
  • Le résultat moyen est 5 sur 12
Réponses sur la Carte
Les réponses sont colorées sur une échelle allant du rouge au vert en fonction du pourcentage des utilisateurs qui les ont devinées à leur premier essai. Vous pouvez retrouver ces pourcentages ci-dessous.
 
Statistiques - réponses
Hint Réponse % Correct
Ligue 1 Paris SG
99%
Paris FC
97%
Ligue 2 Red Star FC
89%
National Paris 13 Atletico
66%
US Créteil Lusitanos
41%
National 2 FC 93 BBG
33%
US Ivry
22%
FCM Aubervilliers
21%
JA Drancy
16%
National 3 RC Paris
14%
US Lusitanos Saint-Maur
14%
SFC Neuilly-sur-Marne
10%
Aucun quiz correspondant
Distribution des résultats
% des personnes avec chaque résultat
Percentile par nombre de réponses
Votre historique - résultats
Vous n’avez pas pris ce quiz